Silva a la agricultura de la zona tórrida

محفوظ في:
التفاصيل البيبلوغرافية
المؤلف الرئيسي: Bello, Andrés, 1781-1865
التنسيق: غير معروف
منشور في: Caracas, Venezuela: J.J. Castro y Asociados , 1976
الموضوعات:
الوسوم: إضافة وسم
لا توجد وسوم, كن أول من يضع وسما على هذه التسجيلة!

MARC

LEADER 000000000a22000000004500
001 000913
041 0 |a español 
092 0 |a V861.2 B451s 
100 1 |a Bello, Andrés, 1781-1865 
245 1 0 |a Silva a la agricultura de la zona tórrida 
260 |a Caracas, Venezuela:   |b J.J. Castro y Asociados ,   |c 1976 
300 |a 164 páginas : ilustraciones a color 
500 |a Número de inscripción 00971 
650 4 |a POSÍA HISPANOAMERICANA 
650 4 |a POESIA VENEZOLANA 
650 4 |a LITERATURA VENEZOLANA 
650 4 |a FOTOGRAFIAS 
650 4 |a PAISAJE 
650 4 |a VENEZUELA 
999 |c 1685  |d 1685